Response of small growers of rubber to the aid schemes of the Rubber Board: Report of a sample survey (Record no. 43579)

MARC details
000 -LEADER
fixed length control field 00405nam a2200121Ia 4500
082 ## - DEWEY DECIMAL CLASSIFICATION NUMBER
Classification number NR:33(048.8)
Item number RAM;1
100 ## - MAIN ENTRY--AUTHOR NAME
Personal name Ramakrishna Pillai, K
245 #0 - TITLE STATEMENT
Title Response of small growers of rubber to the aid schemes of the Rubber Board: Report of a sample survey
260 ## - PUBLICATION, DISTRIBUTION, ETC. (IMPRINT)
Place of publication Kottayam
Name of publisher Rubber Board
Year of publication 1974
650 ## - SUBJECT ADDED ENTRY--TOPICAL TERM
Topical Term Rubber Board aid schemes
942 ## - ADDED ENTRY ELEMENTS (KOHA)
Koha item type Books
Holdings
Withdrawn status Lost status Damaged status Not for loan Home library Current library Date acquired Source of acquisition Full call number Accession Number Koha item type
        RRII Library RRII Library 16/12/2021 Gift NR:33(048.8) RAM;1 G00331 Books